| 000 | 01226cac a2200337 i 4500 | ||
|---|---|---|---|
| 003 | EG-GICUC | ||
| 005 | 20260121101543.0 | ||
| 008 | 950322s1996 nyu frb 001 0 eng d | ||
| 020 |
_a0195087313 _qpbk. |
||
| 020 |
_a9780195087314 _q(pbk.) |
||
| 040 |
_aDLC _cDLC _dDLC _dEG-GICUC _beng _erda |
||
| 050 | 0 | 0 |
_aHV9069 _b.S525 1996 |
| 082 | 0 | 0 |
_a343.661 _221 |
| 092 | 0 | 4 | _221 |
| 099 | _aLaw 10 1996 | ||
| 100 | 1 | _aShoemaker, Donald J. | |
| 245 | 1 | 0 |
_aTheories of delinquency : _ban examination of explanations of delinquent behavior / _cDonald J. Shoemaker. |
| 250 | _a3rd edition. | ||
| 264 |
_aNew York ; _aOxford : _bOxford University Press, _c1996. |
||
| 300 |
_a284 page ; _c21 cm. |
||
| 336 |
_atext _btxt _2rdacontent |
||
| 337 |
_aunmediated _bn _2rdamedia |
||
| 338 |
_avolume _bnc _2rdacarrier |
||
| 504 | _aIncludes bibliographical references and indexes. | ||
| 650 | 0 | _aJuvenile delinquency. | |
| 856 | 4 | 2 | _uhttps://fll.law.cu.edu.eg/fulltext/bks/ENGB10-00103.pdf |
| 856 | 4 | 2 |
_3Publisher description _uhttp://www.loc.gov/catdir/enhancements/fy0639/95013441-d.html |
| 856 | 4 | 1 |
_3Table of contents only _uhttp://www.loc.gov/catdir/enhancements/fy0639/95013441-t.html |
| 905 | _a10 | ||
| 942 |
_2ddc _cBK _e21 _n0 |
||
| 999 |
_c52842 _d52842 |
||